У Кремлевской стены

Λεπτομέρειες βιβλιογραφικής εγγραφής
Κύριος συγγραφέας: Абрамов А. С. Алексей Сергеевич
Γλώσσα:Ρωσικά
Έκδοση: Москва, Политиздат, 1983
Έκδοση:5-е изд., доп. и перераб.
Θέματα:
Μορφή: Βιβλίο
KOHA link:https://koha.lib.tpu.ru/cgi-bin/koha/opac-detail.pl?biblionumber=16711

MARC

LEADER 00000nam0a2200000 4500
001 16711
005 20241113132106.0
035 |a (RuTPU)RU\TPU\book\16839 
035 |a BOOK00001527 
090 |a 16711 
100 |a 20011209d1983 km y0rusy50 ca 
101 0 |a rus 
102 |a RU 
105 |a aс g 000zd 
200 1 |a У Кремлевской стены  |f А. С. Абрамов 
205 |a 5-е изд., доп. и перераб. 
210 |a Москва  |c Политиздат  |d 1983 
215 |a 367 с.  |c ил. 
606 |a Исторические места и памятники России  |9 81525 
610 1 |a история 
610 1 |a Россия 
610 1 |a Москва 
610 1 |a Кремль Московский 
610 1 |a Красная площадь 
686 |a Т3(2)л6  |2 rubbk 
700 1 |a Абрамов  |b А. С.  |g Алексей Сергеевич 
801 0 |a RU  |b 63413507  |c 20011209  |g PSBO 
801 2 |a RU  |b 63413507  |c 20200318  |g PSBO 
942 |c BK